| 000 | 00415nam a22001697a 4500 | ||
|---|---|---|---|
| 005 | 20230613093355.0 | ||
| 008 | 230613b |||||||| |||| 00| 0 eng d | ||
| 020 | _a0077103939 | ||
| 082 |
_a005.117 _bPRI-P |
||
| 100 | _aPriestley,Mark | ||
| 245 | _aPractical Object Oreinted Design with UML | ||
| 250 | _a2nd | ||
| 260 |
_aUSA _bMcGraw Hill _c2003 |
||
| 300 | _a357 | ||
| 650 | _aComputer Science | ||
| 999 |
_c18724 _d18724 |
||